Art, mind, and brain : a cognitive approach to creativity
Αποθηκεύτηκε σε:
| Κύριος συγγραφέας: | |
|---|---|
| Μορφή: | Βιβλίο |
| Γλώσσα: | English |
| Δημοσίευση: |
[New York] :
Basic Books,
c1982
|
| Θέματα: | |
| Ετικέτες: |
Προσθήκη ετικέτας
Δεν υπάρχουν, Καταχωρήστε ετικέτα πρώτοι!
|
MARC
| LEADER | 00000nam a2200000 i 4500 | ||
|---|---|---|---|
| 001 | 1/71821 | ||
| 008 | 960719s1982 eng d | ||
| 020 | |a 0-465-00445-8 | ||
| 035 | |a 1993 |b 1 |c Αγορά/Μεϊμάρης |l 10031063 | ||
| 040 | |a GR-MY-UA |b gre |e aacr | ||
| 041 | 0 | |a eng | |
| 082 | 0 | |a 700.19 | |
| 100 | 1 | |a Gardner, Howard, |d 1943- | |
| 245 | 1 | 0 | |a Art, mind, and brain : |b a cognitive approach to creativity / |c Howard Gardner |
| 260 | |a [New York] : |b Basic Books, |c c1982 | ||
| 300 | |a 380 p. | ||
| 504 | |a Bibliography: 369-371 p., includes index | ||
| 650 | 0 | 0 | |a Creative ability. |
| 650 | 0 | 0 | |a Creative ability in children. |
| 650 | 0 | 0 | |a Creation (Literary, artistic, etc.) |
| 650 | 0 | 0 | |a Creative thinking. |
| 650 | 0 | 0 | |a Brain |x Localization of functions. |
| 852 | |a INST |b RHODES |e 19960719 |h 700.19 GAR |p 005400008707 |q 005400008707 |t BK |y 0 | ||
| 909 | |a Ρ |b 025968 |c 1993 | ||